Global construction survey (Record no. 121033)
[ view plain ]
| 000 -LEADER | |
|---|---|
| fixed length control field | 01093cad a22002175a 4500 |
| 001 - CONTROL NUMBER | |
| control field | L158613 |
| 008 - FIXED-LENGTH DATA ELEMENTS--GENERAL INFORMATION | |
| fixed length control field | 120208s xxk f 000 0 eng d |
| 035 ## - SYSTEM CONTROL NUMBER | |
| System control number | (Sirsi) u158613 |
| 041 0# - LANGUAGE CODE | |
| Language code of text/sound track or separate title | eng |
| 110 2# - MAIN ENTRY--CORPORATE NAME | |
| Corporate name or jurisdiction name as entry element | KPMG International |
| 9 (RLIN) | 5143 |
| 245 00 - TITLE STATEMENT | |
| Title | Global construction survey |
| Medium | [electronic resource] |
| 260 ## - PUBLICATION, DISTRIBUTION, ETC. | |
| Place of publication, distribution, etc. | [S.l.] |
| Name of publisher, distributor, etc. | KPMG |
| Date of publication, distribution, etc. | |
| 520 ## - SUMMARY, ETC. | |
| Summary, etc. | KPMG International's Global Construction Survey has provided a great illustration of how the global engineering and construction industry has evolved since 2005. Touching on topics from risk management and underperforming projects to new sectors and opportunities, this flagship publication has provided clients and advisors with critical insights into the trends and issues affecting the industry. |
| 590 ## - LOCAL NOTE (RLIN) | |
| Local note | KA NTK |
| 651 #4 - SUBJECT ADDED ENTRY--GEOGRAPHIC NAME | |
| Geographic name | International |
| 690 ## - LOCAL SUBJECT ADDED ENTRY--TOPICAL TERM (OCLC, RLIN) | |
| Topical term or geographic name as entry element | Construction management |
| 9 (RLIN) | 6230 |
| 690 ## - LOCAL SUBJECT ADDED ENTRY--TOPICAL TERM (OCLC, RLIN) | |
| Topical term or geographic name as entry element | Infrastructure |
| 9 (RLIN) | 6246 |
| 690 ## - LOCAL SUBJECT ADDED ENTRY--TOPICAL TERM (OCLC, RLIN) | |
| Topical term or geographic name as entry element | Energy |
| 9 (RLIN) | 6237 |
| 856 40 - ELECTRONIC LOCATION AND ACCESS | |
| Uniform Resource Identifier | <a href="https://www.kpmg.com/Global/en/IssuesAndInsights/ArticlesPublications/global-construction-survey/Pages/Default.aspx">https://www.kpmg.com/Global/en/IssuesAndInsights/ArticlesPublications/global-construction-survey/Pages/Default.aspx</a> |
| Public note | View this item free of charge at www.kpmg.com |
| 942 ## - ADDED ENTRY ELEMENTS (KOHA) | |
| Suppress in OPAC | 0 |
| Withdrawn status | Lost status | Source of classification or shelving scheme | Damaged status | Not for loan | Home library | Current library | Shelving location | Date acquired | Total Checkouts | Full call number | Barcode | Date last seen | Copy number | Price effective from | Koha item type |
|---|---|---|---|---|---|---|---|---|---|---|---|---|---|---|---|
| Dewey Decimal Classification | Virtual | Virtual | Online | 14/05/2015 | ONLINE PUBLICATION | 158613-2001 | 06/08/2019 | 1 | 06/08/2019 | Online material |